[Event "XV Konik Morski Rewala - Open B"]
[Site "Rewal"]
[Date "2010.08.25"]
[Round "6.17"]
[White "Ostrowska, Dominika"]
[Black "Mackiewicz, Piotr"]
[Result "1-0"]
[WhiteElo "1930"]
[BlackElo "1764"]
[PlyCount "107"]
[EventDate "2010.??.??"]

1. e4 c6 2. d4 d5 3. Nc3 dxe4 4. Nxe4 Bf5 5. Ng3 Bg6 6. h4 h6 7. h5 Bh7 8. Nf3
Nd7 9. Bd3 Bxd3 10. Qxd3 e6 11. Bf4 Qa5+ 12. Bd2 Qc7 13. O-O-O Ngf6 14. Qe2 Bd6
15. Nf5 Bf4 16. Nxg7+ Kf8 17. Nxe6+ fxe6 18. Qxe6 Re8 19. Qf5 Re4 20. Nh4 Kf7
21. g3 Bxd2+ 22. Rxd2 Rg8 23. Ng6 Qd6 24. Rhd1 Qe6 25. Qa5 a6 26. Nf4 Qd6 27.
d5 c5 28. Ne6 Qb6 29. Qxb6 Nxb6 30. Nxc5 Re5 31. Nxb7 Nbd7 32. c4 Rb8 33. Na5
Rxh5 34. Nc6 Rc8 35. Kb1 Rg5 36. Re2 h5 37. b3 Rh8 38. Rde1 h4 39. Re7+ Kg6 40.
gxh4 Rxh4 41. Ne5+ Nxe5 42. R7xe5 Rg2 43. R1e2 Rhh2 44. c5 Rxf2 45. Rxf2 Rxf2
46. c6 Rh2 47. d6 Rh1+ 48. Kb2 Rh8 49. Ra5 Kf7 50. Rxa6 Ke6 51. d7 Nd5 52. d8=Q
Rxd8 53. c7+ Rd6 54. c8=Q+ 1-0

[Event "XV Konik Morski Rewala - Open B"]
[Site "Rewal"]
[Date "2010.08.25"]
[Round "6.18"]
[White "Faron, Rafal"]
[Black "Najdzionek, Boleslaw"]
[Result "1-0"]
[WhiteElo "1760"]
[BlackElo "1924"]
[PlyCount "89"]
[EventDate "2010.??.??"]

1. d4 d5 2. c4 c6 3. Nc3 e6 4. cxd5 exd5 5. Bf4 Nf6 6. e3 Bd6 7. Bg3 Bf5 8. Bd3
Bxd3 9. Qxd3 Bxg3 10. hxg3 Nbd7 11. Nf3 Qe7 12. Nh4 g6 13. Nf3 Ne4 14. Nd2 f5
15. Ne2 Qd6 16. Qb3 O-O-O 17. Nxe4 fxe4 18. a4 Rdf8 19. a5 a6 20. O-O g5 21.
Ra4 Rf7 22. Rb4 Nf6 23. Nc3 Re8 24. Rc1 Kb8 25. Na4 Ka7 26. Rb6 Rb8 27. Nc5 Ng4
28. Nxe4 Qh6 29. Rcxc6 Qh2+ 30. Kf1 Nxe3+ 31. Qxe3 Qh1+ 32. Ke2 Qh5+ 33. f3
bxc6 34. Nc5 Rxb6 35. axb6+ Kxb6 36. Qb3+ Ka7 37. Qa4 Re7+ 38. Kf2 Qg6 39.
Qxa6+ Kb8 40. Qb6+ Kc8 41. Qa6+ Kd8 42. Qa8+ Kc7 43. Qb7+ Kd6 44. Qb8+ Rc7 45.
Qd8+ 1-0

[Event "XV Konik Morski Rewala - Open B"]
[Site "Rewal"]
[Date "2010.08.25"]
[Round "6.19"]
[White "Kubica, Kamil"]
[Black "Kuspak, Aleksander"]
[Result "0-1"]
[WhiteElo "1917"]
[BlackElo "1832"]
[PlyCount "95"]
[EventDate "2010.??.??"]

1. d4 Nf6 2. c4 c5 3. d5 e6 4. Nc3 exd5 5. cxd5 d6 6. e4 a6 7. a4 g6 8. Nf3 Bg7
9. Be2 O-O 10. O-O Re8 11. Nd2 Nbd7 12. f4 Rb8 13. Qc2 Nf8 14. h3 g5 15. fxg5
N6d7 16. Nf3 Ng6 17. h4 Nde5 18. h5 Nxf3+ 19. Bxf3 Ne5 20. Qe2 Bd7 21. h6 Bh8
22. Bh5 Rf8 23. Bf4 Qe7 24. Rae1 b5 25. axb5 axb5 26. Bxe5 Bxe5 27. Qd2 b4 28.
Nd1 c4 29. Rf3 f5 30. exf5 Rxf5 31. Rxf5 Bxf5 32. Nf2 Qa7 33. Re3 c3 34. bxc3
b3 35. Rxe5 dxe5 36. Qb2 Qa2 37. Nd1 Bc2 38. c4 Bxd1 39. Bxd1 Kf7 40. g6+ Kxg6
41. Qxe5 Qa7+ 42. Kh2 Rf8 43. d6 Qf7 44. Qg3+ Kxh6 45. Qh4+ Kg7 46. c5 b2 47.
c6 b1=Q 48. c7 0-1

[Event "XV Konik Morski Rewala - Open B"]
[Site "Rewal"]
[Date "2010.08.25"]
[Round "6.20"]
[White "Mirski, Michal"]
[Black "Zochowski, Kacper"]
[Result "1-0"]
[WhiteElo "1700"]
[BlackElo "1887"]
[PlyCount "115"]
[EventDate "2010.??.??"]

1. e4 c5 2. Nc3 d6 3. Nge2 Nf6 4. d4 cxd4 5. Nxd4 a6 6. Be3 e6 7. a4 b6 8. Bd3
Bb7 9. O-O Nbd7 10. Qe2 Nc5 11. Bd2 Be7 12. Rae1 Qd7 13. b3 Qc7 14. Kh1 Nfd7
15. b4 Nxd3 16. cxd3 Bf6 17. Rc1 Qd8 18. Nb3 O-O 19. f4 e5 20. f5 Rc8 21. Qg4
g6 22. Rf3 Bg7 23. Rh3 Nf6 24. Qf3 d5 25. Bg5 dxe4 26. dxe4 Qd6 27. Bxf6 Qxf6
28. Ne2 Rxc1+ 29. Nbxc1 Qc6 30. Nc3 Rd8 31. N1e2 Qd6 32. b5 axb5 33. axb5 Ra8
34. g4 Ra1+ 35. Kg2 Qd2 36. Qd3 Qe1 37. Rf3 Bf8 38. fxg6 Qh1+ 39. Kh3 hxg6 40.
Ng3 Qc1 41. Qd7 Qh6+ 42. Kg2 f5 43. Qxb7 Bc5 44. Qd5+ Kh7 45. Nce2 f4 46. Nf1
Re1 47. Qd2 Rxf1 48. Kxf1 Qxh2 49. Ke1 Qh1+ 50. Rf1 Qxe4 51. Kd1 Be3 52. Qc2
Qd5+ 53. Ke1 Qg2 54. Qc7+ Kg8 55. Qxe5 Qh2 56. Qd5+ Kg7 57. Rh1 Bf2+ 58. Kd1
1-0

[Event "XV Konik Morski Rewala - Open B"]
[Site "Rewal"]
[Date "2010.08.25"]
[Round "6.21"]
[White "Gorol, Jacek"]
[Black "Kardasz, Wladyslaw"]
[Result "1-0"]
[WhiteElo "1684"]
[BlackElo "1874"]
[PlyCount "33"]
[EventDate "2010.??.??"]

1. c4 e5 2. Nc3 d6 3. g3 f5 4. Bg2 Nf6 5. d4 Be7 6. e4 c6 7. Nge2 O-O 8. O-O
fxe4 9. Nxe4 Nxe4 10. Bxe4 d5 11. cxd5 Bh3 12. dxc6 Nxc6 13. Re1 Bg4 14. Qb3+
Kh8 15. Qxb7 Nxd4 16. Nxd4 Rb8 17. Nc6 1-0

[Event "XV Konik Morski Rewala - Open B"]
[Site "Rewal"]
[Date "2010.08.25"]
[Round "6.22"]
[White "Szydlowska-Duda, Marta"]
[Black "Kaczmarek, Alicja"]
[Result "1-0"]
[WhiteElo "2063"]
[BlackElo "1806"]
[PlyCount "77"]
[EventDate "2010.??.??"]

1. d4 d5 2. Nf3 c6 3. Bf4 e6 4. e3 f5 5. c4 Bd6 6. Ne5 Nf6 7. Nc3 O-O 8. Be2
Qe7 9. c5 Bc7 10. h4 b6 11. b4 a5 12. a3 Ba6 13. Bxa6 Rxa6 14. O-O axb4 15.
axb4 Bxe5 16. Bxe5 Qb7 17. Qe2 b5 18. Ra2 Nbd7 19. Bd6 Rfa8 20. Rfa1 R8a7 21.
f3 Qa8 22. Qd2 Rxa2 23. Rxa2 Rxa2 24. Nxa2 Qa3 25. Nc1 h6 26. Nd3 Qa1+ 27. Kh2
g5 28. hxg5 hxg5 29. Nf2 Kf7 30. Nh3 Nh7 31. Qf2 Ndf6 32. Qg3 g4 33. Nf4 Qa8
34. Nd3 Qe8 35. Qh4 Kg7 36. Ne5 gxf3 37. gxf3 Qh5 38. Qxh5 Nxh5 39. Nxc6 1-0

[Event "XV Konik Morski Rewala - Open B"]
[Site "Rewal"]
[Date "2010.08.25"]
[Round "6.23"]
[White "Grabowski, Jan"]
[Black "Matuszczyk, Przemyslaw"]
[Result "1/2-1/2"]
[WhiteElo "1807"]
[BlackElo "2059"]
[PlyCount "79"]
[EventDate "2010.??.??"]

1. d4 d5 2. c4 c6 3. Nc3 Nf6 4. cxd5 cxd5 5. Bg5 Ne4 6. Bh4 Nxc3 7. bxc3 Qa5 8.
Qb3 e6 9. e3 b6 10. Bd3 Ba6 11. Bxa6 Qxa6 12. a4 Nd7 13. Ne2 Rc8 14. Qb5 Qb7
15. O-O Bd6 16. Rfc1 Rc4 17. Bg3 Be7 18. Qb3 O-O 19. h3 Rfc8 20. Rc2 a6 21. Rb1
Qc6 22. Ra2 f6 23. f4 f5 24. Be1 Rb8 25. Qc2 Nf6 26. Bh4 Rb7 27. Bxf6 Bxf6 28.
Kf2 b5 29. axb5 axb5 30. Qd3 Ra4 31. Rab2 Ra5 32. Rb3 Qc4 33. Qd1 Ra4 34. Nc1
b4 35. Ne2 Ra2 36. cxb4 Rxb4 37. Rxb4 Bxd4 38. Rc1 Qb5 39. Rc2 Ra3 40. Kg3
1/2-1/2

[Event "XV Konik Morski Rewala - Open B"]
[Site "Rewal"]
[Date "2010.08.25"]
[Round "6.24"]
[White "Czaja, Roman"]
[Black "Polok, Robert"]
[Result "1/2-1/2"]
[WhiteElo "2046"]
[BlackElo "1795"]
[PlyCount "101"]
[EventDate "2010.??.??"]

1. d4 Nf6 2. c4 e6 3. Nc3 Bb4 4. Qc2 Nc6 5. e3 d6 6. Bd3 e5 7. d5 Bxc3+ 8. Qxc3
Ne7 9. Ne2 O-O 10. Qc2 h6 11. O-O Nd7 12. Ng3 Nc5 13. Be2 f5 14. f4 e4 15. b4
Nd7 16. Bb2 g6 17. Qc3 Nf6 18. h3 Kh7 19. Kf2 b6 20. Rg1 Neg8 21. Rad1 Qe7 22.
Nf1 h5 23. Nh2 Nh6 24. Rh1 Bd7 25. Rdg1 Kg8 26. g4 fxg4 27. hxg4 Bxg4 28. Nxg4
Nhxg4+ 29. Bxg4 hxg4 30. Ke2 Kf7 31. Rxg4 Rh8 32. Rgh4 Rxh4 33. Rxh4 Rg8 34.
Qxf6+ Qxf6 35. Bxf6 Kxf6 36. Rh7 Rc8 37. b5 g5 38. Rh6+ Kf7 39. fxg5 Rg8 40.
Rh7+ Rg7 41. Rxg7+ Kxg7 42. Kd2 Kg6 43. Kc3 Kxg5 44. Kd4 Kg4 45. Kxe4 Kg3 46.
Kd4 Kf2 47. Kd3 Kg2 48. e4 Kf3 49. a3 Kg3 50. Kd4 Kf3 51. Kd3 1/2-1/2

[Event "XV Konik Morski Rewala - Open B"]
[Site "Rewal"]
[Date "2010.08.25"]
[Round "6.26"]
[White "Karwowski, Kacper"]
[Black "Jacel, Lukasz"]
[Result "0-1"]
[WhiteElo "1761"]
[BlackElo "1927"]
[PlyCount "82"]
[EventDate "2010.??.??"]

1. e4 Nc6 2. d4 d5 3. Nc3 Nf6 4. e5 Nd7 5. f4 Nb6 6. Nf3 Bg4 7. Be2 e6 8. O-O
Qd7 9. h3 Bxf3 10. Rxf3 Be7 11. a4 Na5 12. b3 O-O 13. Be3 Rac8 14. Qe1 Bb4 15.
Bd2 Nc6 16. Nd1 Nxd4 17. Bxb4 c5 18. Bc3 Nxc2 19. Qh4 Nxa1 20. Bd3 g6 21. f5
exf5 22. Bxf5 Qd8 23. Qxd8 Rcxd8 24. Bxa1 Rfe8 25. Bg4 h5 26. e6 fxe6 27. Rf6
hxg4 28. Rxg6+ Kf8 29. h4 e5 30. h5 Kf7 31. Rxg4 d4 32. h6 Rg8 33. Re4 Nd7 34.
Nf2 Rg3 35. Kh2 Rxb3 36. Re1 Kg6 37. Ng4 Kf5 38. Nf2 Nf6 39. Rf1 Ng4+ 40. Nxg4+
Kxg4 41. Re1 Rh8 0-1

[Event "XV Konik Morski Rewala - Open B"]
[Site "Rewal"]
[Date "2010.08.25"]
[Round "6.27"]
[White "Cichy, Kamil"]
[Black "Szczurek, Natalia"]
[Result "1-0"]
[WhiteElo "1900"]
[BlackElo "1729"]
[PlyCount "105"]
[EventDate "2010.??.??"]

1. e4 c5 2. Nf3 d6 3. c3 Nf6 4. Be2 g6 5. O-O Bg7 6. Re1 Nbd7 7. Bf1 a6 8. a4
b6 9. d4 Bb7 10. e5 dxe5 11. dxe5 Ng4 12. e6 Nde5 13. exf7+ Nxf7 14. Qe2 O-O
15. Ng5 Nxg5 16. Bxg5 Ne5 17. f4 Nc6 18. Na3 Bf6 19. Bh6 Bg7 20. Bg5 Bf6 21.
Rad1 Qc8 22. Nc4 Bxg5 23. Nxb6 Qf5 24. fxg5 Rad8 25. Nc4 Qxg5 26. Qe6+ Kg7 27.
Rxd8 Rxd8 28. Ne5 Qf6 29. Nxc6 Bxc6 30. Qxe7+ Qxe7 31. Rxe7+ Kg8 32. Bxa6 Bxa4
33. Bc4+ Kh8 34. Kf2 Bc6 35. g3 Rd2+ 36. Re2 Rd7 37. b4 cxb4 38. cxb4 Rd4 39.
Rc2 Ba4 40. Ke3 Rg4 41. Rc1 Kg7 42. b5 Rxc4 43. Rxc4 Bxb5 44. Rc5 Ba6 45. Kf4
Bd3 46. g4 h6 47. h4 Bb1 48. Rc7+ Kg8 49. Ke5 Bd3 50. Kf6 h5 51. g5 Be4 52.
Rg7+ Kh8 53. Rxg6 1-0

[Event "XV Konik Morski Rewala - Open B"]
[Site "Rewal"]
[Date "2010.08.25"]
[Round "6.28"]
[White "Prazmowski, Bartosz"]
[Black "Szolc, Grzegorz"]
[Result "1-0"]
[WhiteElo "1893"]
[BlackElo "1678"]
[PlyCount "71"]
[EventDate "2010.??.??"]

1. d4 Nf6 2. c4 e6 3. Nf3 Bb4+ 4. Bd2 Bxd2+ 5. Nbxd2 d5 6. e3 O-O 7. Bd3 Qe7 8.
O-O dxc4 9. Nxc4 Nbd7 10. Qe2 c5 11. Rfd1 b5 12. Nce5 c4 13. Bc2 Bb7 14. e4 Nb6
15. Ne1 Rac8 16. f4 Rfd8 17. N5f3 b4 18. e5 Nfd7 19. f5 exf5 20. Bxf5 g6 21.
Bh3 Bd5 22. Nc2 Rc7 23. Ne3 Nf8 24. Rac1 Ne6 25. Nxd5 Rxd5 26. Bxe6 Qxe6 27.
Ng5 Qe7 28. Ne4 Rc6 29. Qf3 Kg7 30. Ng3 Rc8 31. Qg4 Kf8 32. Ne4 h5 33. Qf4 Kg7
34. Nf6 Rcd8 35. Qg5 Kf8 36. Qh6# 1-0

[Event "XV Konik Morski Rewala - Open B"]
[Site "Rewal"]
[Date "2010.08.25"]
[Round "6.29"]
[White "Gola, Karolina"]
[Black "Panczuk, Joanna"]
[Result "0-1"]
[WhiteElo "1862"]
[BlackElo "1651"]
[PlyCount "70"]
[EventDate "2010.??.??"]

1. e4 c5 2. Nc3 e6 3. Nge2 d5 4. exd5 exd5 5. d4 c4 6. g3 Nf6 7. Bg5 Bb4 8. Bg2
Be6 9. O-O Na6 10. f4 Bxc3 11. Bxf6 gxf6 12. Nxc3 f5 13. Re1 Nc7 14. Qh5 Qf6
15. Re5 O-O-O 16. b3 cxb3 17. axb3 Kb8 18. Qe2 h5 19. Nb5 Na6 20. Qd2 h4 21.
Nc3 Nc7 22. Ne2 Rd6 23. Ra5 Qd8 24. Nc1 Ne8 25. Nd3 Nf6 26. Nc5 Ne4 27. Bxe4
fxe4 28. Nxe6 fxe6 29. Qb4 Rb6 30. Rb5 Rxb5 31. Qxb5 hxg3 32. hxg3 Qg8 33. Rg5
Qh7 34. Kf2 Qh1 35. Qf1 Qf3+ 0-1

[Event "XV Konik Morski Rewala - Open B"]
[Site "Rewal"]
[Date "2010.08.25"]
[Round "6.32"]
[White "Dziodzio, Angelika"]
[Black "Kiolbasa, Oliwia"]
[Result "1/2-1/2"]
[WhiteElo "1820"]
[BlackElo "1593"]
[PlyCount "59"]
[EventDate "2010.??.??"]

1. e4 c5 2. Nf3 e6 3. b3 b6 4. c4 Bb7 5. Nc3 d6 6. d4 cxd4 7. Nxd4 Nf6 8. Bd3
Nbd7 9. O-O Be7 10. Bb2 Nc5 11. Qe2 O-O 12. Bc2 Rc8 13. Rad1 Qc7 14. f4 Rfd8
15. e5 dxe5 16. fxe5 Nfd7 17. Bxh7+ Kf8 18. b4 Qxe5 19. Qxe5 Nxe5 20. Nce2 g6
21. bxc5 Bxc5 22. Bxg6 Nxg6 23. Kh1 Ke7 24. Nb5 Rxd1 25. Bf6+ Kf8 26. Rxd1 Be7
27. Rd7 Bxf6 28. Rxb7 Ne5 29. Rxa7 Rxc4 30. h3 1/2-1/2

[Event "XV Konik Morski Rewala - Open B"]
[Site "Rewal"]
[Date "2010.08.25"]
[Round "6.34"]
[White "Botor, Michalina"]
[Black "Kwasniewski, Pawel"]
[Result "1-0"]
[WhiteElo "1785"]
[BlackElo "1478"]
[PlyCount "45"]
[EventDate "2010.??.??"]

1. c4 e5 2. Nc3 Nf6 3. g3 d5 4. cxd5 Nxd5 5. Bg2 Nb6 6. d3 Be7 7. Nf3 Nc6 8.
O-O O-O 9. b3 Re8 10. Bb2 Bf8 11. Ne1 Bd6 12. Rc1 Bd7 13. Nc2 Rb8 14. d4 Nxd4
15. Nxd4 exd4 16. Qxd4 Be5 17. Qd2 c6 18. f4 Bc7 19. e4 Bg4 20. Qc2 Qd4+ 21.
Kh1 Rbd8 22. h3 Be6 23. Nd5 1-0

[Event "XV Konik Morski Rewala - Open B"]
[Site "Rewal"]
[Date "2010.08.25"]
[Round "6.35"]
[White "Gotin, Evgeniy"]
[Black "Milanowski, Jan"]
[Result "1/2-1/2"]
[WhiteElo "1696"]
[BlackElo "2049"]
[PlyCount "135"]
[EventDate "2010.??.??"]

1. e4 d6 2. d4 Nf6 3. Bd3 e5 4. d5 c6 5. c4 Be7 6. Ne2 O-O 7. O-O a5 8. Nbc3
Na6 9. h3 Nc5 10. Bc2 Re8 11. Be3 Bf8 12. a3 g6 13. b4 Ncd7 14. Qd2 Nh5 15. f4
exf4 16. Nxf4 Nxf4 17. Bxf4 axb4 18. axb4 Rxa1 19. Rxa1 Qb6+ 20. Be3 Bh6 21.
Bxb6 Bxd2 22. Bd4 c5 23. bxc5 dxc5 24. Nb1 Bb4 25. Bc3 Bxc3 26. Nxc3 Ne5 27.
Bb3 Bd7 28. Ra7 Rb8 29. Ra5 b6 30. Ra6 Kg7 31. Kf2 Kf6 32. Ke3 g5 33. Nb5 h5
34. Nc7 Ke7 35. Nb5 h4 36. Nc3 Kd6 37. Nd1 Bc8 38. Ra7 b5 39. cxb5 Rxb5 40. Ba4
Rb4 41. Nc3 Nc4+ 42. Ke2 f5 43. Bc6 Rb2+ 44. Ke1 Rxg2 45. exf5 Bxf5 46. Nb5+
Ke5 47. Re7+ Kf6 48. Ra7 Bxh3 49. d6 Rg1+ 50. Kf2 Rd1 51. d7 Ne5 52. Nc3 Rd2+
53. Ke1 Rd4 54. Nd5+ Rxd5 55. Bxd5 Bxd7 56. Rc7 g4 57. Kf1 c4 58. Bxc4 Nxc4 59.
Rxd7 Ne5 60. Rd4 Kf5 61. Kg2 Nf3 62. Ra4 Ng5 63. Rb4 Ne4 64. Rb8 Kf4 65. Rf8+
Kg5 66. Rg8+ Kf5 67. Rh8 h3+ 68. Rxh3 1/2-1/2

[Event "XV Konik Morski Rewala - Open B"]
[Site "Rewal"]
[Date "2010.08.25"]
[Round "6.36"]
[White "Sowa, Martyna"]
[Black "Krupa, Jerzy"]
[Result "0-1"]
[WhiteElo "1695"]
[BlackElo "1947"]
[PlyCount "106"]
[EventDate "2010.??.??"]

1. e4 d5 2. exd5 Qxd5 3. Nc3 Qd6 4. d4 Nf6 5. Bc4 c6 6. Nge2 Bf5 7. Bf4 Qb4 8.
Bb3 e6 9. a3 Qa5 10. h3 Nbd7 11. Bd2 Qc7 12. Ng3 Bg6 13. Qe2 O-O-O 14. O-O-O h6
15. Nce4 Be7 16. Bc3 Nxe4 17. Nxe4 Qf4+ 18. Nd2 Bf6 19. g3 Qf5 20. Nc4 Nb6 21.
Ne3 Qh5 22. g4 Qg5 23. Kb1 Qf4 24. Ng2 Qe4 25. Qxe4 Bxe4 26. Rhg1 Bxg2 27. Rxg2
c5 28. Ba5 Bxd4 29. Bxb6 axb6 30. f4 b5 31. c3 Be3 32. Rxd8+ Rxd8 33. f5 c4 34.
Bc2 e5 35. b3 Bf4 36. Kb2 Kc7 37. b4 Rd6 38. Rf2 Kd7 39. Be4 Rd1 40. Bxb7 Kd6
41. Kc2 Rc1+ 42. Kb2 Re1 43. Bg2 Bc1+ 44. Ka2 e4 45. Rc2 Ke5 46. a4 bxa4 47. b5
Be3 48. Rb2 Bb6 49. Ka3 Bc5+ 50. Ka2 e3 51. b6 Bxb6 52. Rxb6 Re2+ 53. Ka3 Rxg2
0-1

[Event "XV Konik Morski Rewala - Open B"]
[Site "Rewal"]
[Date "2010.08.25"]
[Round "6.37"]
[White "Skiba, Marta"]
[Black "Zawada, Jozef"]
[Result "1/2-1/2"]
[WhiteElo "1691"]
[BlackElo "1838"]
[PlyCount "75"]
[EventDate "2010.??.??"]

1. e4 d6 2. d4 Nf6 3. Nc3 g6 4. f4 Bg7 5. Nf3 O-O 6. Bc4 Nxe4 7. Nxe4 d5 8.
Bxd5 Qxd5 9. Nc3 Qd6 10. O-O c6 11. Be3 Bg4 12. Ne2 Nd7 13. Ng3 e6 14. Qd2 Bxf3
15. Rxf3 Nf6 16. c3 b6 17. Raf1 Nd5 18. Ne4 Qe7 19. Rh3 Nxe3 20. Qxe3 Rad8 21.
Ng5 h6 22. Nf3 c5 23. dxc5 Qxc5 24. Qxc5 bxc5 25. Re1 Rd5 26. Kf2 Rfd8 27. Re2
a5 28. Ne1 h5 29. Rhe3 h4 30. g3 hxg3+ 31. hxg3 Bf6 32. Nf3 Kg7 33. g4 g5 34.
fxg5 Bxg5 35. Re5 Bf4 36. R5e4 Bc7 37. a3 R8d7 38. Ne5 1/2-1/2

[Event "XV Konik Morski Rewala - Open B"]
[Site "Rewal"]
[Date "2010.08.25"]
[Round "6.38"]
[White "Strumilo, Slawomir"]
[Black "Nun, Joanna"]
[Result "1-0"]
[WhiteElo "1821"]
[BlackElo "1564"]
[PlyCount "65"]
[EventDate "2010.??.??"]

1. e4 c5 2. Nf3 Nc6 3. Bb5 e6 4. O-O Nge7 5. c3 Ng6 6. d4 cxd4 7. cxd4 d5 8.
exd5 exd5 9. Re1+ Be7 10. Bxc6+ bxc6 11. Qc2 Qc7 12. Nc3 Be6 13. Bg5 Bd6 14.
Rac1 Rc8 15. Nxd5 Qa5 16. Nc3 O-O 17. Be3 Qh5 18. Ne2 Nh4 19. Nxh4 Qxh4 20. Ng3
f5 21. Bg5 Qxg5 22. Rxe6 Bxg3 23. hxg3 Rf6 24. Rxf6 Qxf6 25. Qa4 Rc7 26. Qc4+
Kf8 27. Qc5+ Kg8 28. b4 Qf7 29. d5 Qf8 30. b5 Qxc5 31. Rxc5 Kf7 32. d6 Rd7 33.
bxc6 1-0

[Event "XV Konik Morski Rewala - Open B"]
[Site "Rewal"]
[Date "2010.08.25"]
[Round "6.39"]
[White "Nun, Ryszard"]
[Black "Biszof, Henryk"]
[Result "1/2-1/2"]
[WhiteElo "1684"]
[BlackElo "1739"]
[PlyCount "64"]
[EventDate "2010.??.??"]

1. d4 Nf6 2. c4 g6 3. Nc3 Bg7 4. e4 d6 5. Nf3 O-O 6. Be2 c5 7. d5 e6 8. O-O
exd5 9. exd5 a6 10. a4 Bg4 11. Bg5 Qb6 12. Qd2 Nbd7 13. a5 Qc7 14. Bh6 b6 15.
Bxg7 Kxg7 16. axb6 Nxb6 17. b3 Nbd7 18. Rfe1 Rfb8 19. Qb2 Nb6 20. Ne4 Qd8 21.
Nfd2 Bxe2 22. Rxe2 a5 23. Qxf6+ Qxf6 24. Nxf6 Kxf6 25. Ne4+ Kg7 26. Nxd6 a4 27.
bxa4 Rxa4 28. Rae1 Nxc4 29. Ne8+ Kf8 30. Nf6 Kg7 31. Ne8+ Kf8 32. Nf6 Kg7
1/2-1/2

[Event "XV Konik Morski Rewala - Open B"]
[Site "Rewal"]
[Date "2010.08.25"]
[Round "6.40"]
[White "Janik, Lidia"]
[Black "Murawko, Katarzyna"]
[Result "1/2-1/2"]
[WhiteElo "1608"]
[BlackElo "1734"]
[PlyCount "43"]
[EventDate "2010.??.??"]

1. e4 c5 2. c3 d5 3. exd5 Qxd5 4. d4 Nf6 5. Nf3 Bg4 6. Be2 Nc6 7. h3 Bf5 8. c4
Qd8 9. d5 Nb4 10. Na3 e6 11. Qa4+ Qd7 12. Qxd7+ Nxd7 13. dxe6 Bxe6 14. O-O Be7
15. Be3 O-O 16. Bd2 Nb6 17. Bc3 Rfd8 18. b3 Nc6 19. Nc2 Nd7 20. Rad1 Bf6 21.
Bxf6 Nxf6 22. Rxd8+ 1/2-1/2

[Event "XV Konik Morski Rewala - Open B"]
[Site "Rewal"]
[Date "2010.08.25"]
[Round "6.41"]
[White "Prazmowski, Wlodzimierz"]
[Black "Wojna, Natalia"]
[Result "1/2-1/2"]
[WhiteElo "1701"]
[BlackElo "1527"]
[PlyCount "70"]
[EventDate "2010.??.??"]

1. d4 d5 2. c4 e6 3. Nc3 Nf6 4. Bg5 Be7 5. e3 O-O 6. Nf3 Nc6 7. Rc1 b6 8. cxd5
Nxd5 9. Nxd5 Bxg5 10. Nxc7 Qxc7 11. Nxg5 Bb7 12. Bb5 Rac8 13. O-O Qe7 14. Qh5
h6 15. Nh3 Nb4 16. a3 Nd5 17. Qe2 Qh4 18. Rxc8 Rxc8 19. Ba6 Bxa6 20. Qxa6 Rc2
21. Qb5 Qe4 22. Qb3 Re2 23. f3 Qxe3+ 24. Qxe3 Nxe3 25. Nf4 Rxb2 26. Re1 Nc2 27.
Re2 Rb1+ 28. Kf2 Nxd4 29. Rd2 Nc6 30. Rc2 Ne7 31. Rc7 Kf8 32. Rxa7 Rb2+ 33. Kf1
Nf5 34. Ra8+ Ke7 35. Ra7+ Kf8 1/2-1/2

[Event "XV Konik Morski Rewala - Open B"]
[Site "Rewal"]
[Date "2010.08.25"]
[Round "6.42"]
[White "Stankowski, Aleksander"]
[Black "Rabeda, Grzegorz"]
[Result "1-0"]
[WhiteElo "1804"]
[BlackElo "1520"]
[PlyCount "39"]
[EventDate "2010.??.??"]

1. Nf3 d5 2. g3 Nf6 3. Bg2 Bf5 4. O-O Nc6 5. d3 Qd7 6. Bf4 h6 7. c3 g5 8. Ne5
Nxe5 9. Bxe5 Bh3 10. Bxh3 Qxh3 11. Bxf6 exf6 12. Qb3 O-O-O 13. c4 d4 14. Nd2 f5
15. Nf3 f6 16. c5 Bxc5 17. Rfc1 Bb6 18. a4 a6 19. Qxb6 Rd7 20. Qa7 1-0

[Event "XV Konik Morski Rewala - Open B"]
[Site "Rewal"]
[Date "2010.08.25"]
[Round "6.43"]
[White "Szmer, Aleksander"]
[Black "Paszewski, Mateusz"]
[Result "0-1"]
[WhiteElo "1574"]
[BlackElo "1781"]
[PlyCount "84"]
[EventDate "2010.??.??"]

1. e4 c5 2. d4 cxd4 3. c3 dxc3 4. Nxc3 d6 5. Nf3 e6 6. Bc4 Be7 7. O-O a6 8. Qe2
Nc6 9. Rd1 b5 10. Bb3 Bd7 11. Bf4 e5 12. Be3 Nf6 13. Nd5 Nxd5 14. Bxd5 O-O 15.
Bxc6 Bxc6 16. Nxe5 Bxe4 17. Rd4 Bb7 18. Rad1 Qa5 19. b4 Qc7 20. Rc1 Qd8 21. Nc6
Bxc6 22. Rxc6 Qd7 23. Rc2 Rac8 24. Rdd2 Rxc2 25. Rxc2 Rc8 26. h3 Rxc2 27. Qxc2
d5 28. a3 Bf6 29. Bc5 g6 30. Qe2 Qe6 31. Qd3 Qe4 32. Qg3 Be5 33. f3 Qb1+ 34.
Kh2 Bxg3+ 35. Kxg3 Qe1+ 36. Bf2 Qe5+ 37. f4 Qc3+ 38. Kg4 h5+ 39. Kh4 d4 40.
Bxd4 Qxd4 41. Kg5 Kg7 42. g4 Qf6# 0-1

[Event "XV Konik Morski Rewala - Open B"]
[Site "Rewal"]
[Date "2010.08.25"]
[Round "6.44"]
[White "Laszewski, Kazimierz"]
[Black "Krzysztofiak, Zdzislaw"]
[Result "1-0"]
[WhiteElo "1769"]
[BlackElo "1664"]
[PlyCount "93"]
[EventDate "2010.??.??"]

1. e4 e5 2. Nf3 Nc6 3. Bb5 Nf6 4. O-O d6 5. h3 Nxe4 6. d4 Bd7 7. Re1 Nf6 8.
dxe5 dxe5 9. Nxe5 Nxe5 10. Rxe5+ Be7 11. Bxd7+ Qxd7 12. Qe2 h6 13. Nc3 c6 14.
Bf4 b6 15. Rd1 Qb7 16. Re1 Ng8 17. Qf3 O-O-O 18. Qg4+ Qd7 19. Rxe7 Nxe7 20.
Rxe7 Qxg4 21. Rc7+ Kb8 22. hxg4 Ka8 23. g3 g5 24. Be3 Rd6 25. Rxf7 Rhd8 26. a4
R8d7 27. Rf5 Kb7 28. Kg2 a6 29. Re5 c5 30. f4 gxf4 31. gxf4 Rg6 32. g5 hxg5 33.
Rxg5 Rh6 34. Kf3 Rh2 35. Rg2 Rh3+ 36. Ke2 Re7 37. Nd1 Rh1 38. Nf2 Ra1 39. b3 c4
40. Rg6 Kc7 41. Kd2 cxb3 42. Bxb6+ Kb7 43. cxb3 Ra2+ 44. Kc3 Ree2 45. a5 Re7
46. Nd3 Rf7 47. Nc5+ 1-0

[Event "XV Konik Morski Rewala - Open B"]
[Site "Rewal"]
[Date "2010.08.25"]
[Round "6.45"]
[White "Nun, Grzegorz"]
[Black "Kowalski, Maciej"]
[Result "1/2-1/2"]
[WhiteElo "1721"]
[BlackElo "1649"]
[PlyCount "39"]
[EventDate "2010.??.??"]

1. e4 d5 2. Nc3 dxe4 3. Nxe4 g6 4. d4 Bg7 5. c3 e5 6. Be3 Ne7 7. dxe5 Qxd1+ 8.
Rxd1 Bxe5 9. Nf3 Bg7 10. Bb5+ Bd7 11. Bxd7+ Nxd7 12. O-O O-O-O 13. Bg5 Rde8 14.
Ned2 h6 15. Bxe7 Rxe7 16. Nc4 Rhe8 17. Ne3 Ne5 18. Nxe5 Rxe5 19. Rd3 f5 20.
Rfd1 1/2-1/2

[Event "XV Konik Morski Rewala - Open B"]
[Site "Rewal"]
[Date "2010.08.25"]
[Round "6.46"]
[White "Strek, Jaroslaw"]
[Black "Cwik, Jacek"]
[Result "0-1"]
[WhiteElo "1568"]
[BlackElo "1701"]
[PlyCount "96"]
[EventDate "2010.??.??"]

1. d4 d5 2. c4 e6 3. Nf3 Nf6 4. e3 Be7 5. Bd3 dxc4 6. Bxc4 O-O 7. O-O c5 8. a3
a6 9. Nc3 b5 10. Be2 c4 11. b3 cxb3 12. Qxb3 Bb7 13. Bb2 Nbd7 14. Nd2 Qb6 15.
Bf3 Rac8 16. Bxb7 Qxb7 17. e4 Nb6 18. e5 Nfd5 19. Nce4 Rc7 20. Rac1 Rfc8 21.
Rxc7 Rxc7 22. Rc1 Rxc1+ 23. Bxc1 Qc7 24. Bb2 Na4 25. g3 Nxb2 26. Qxb2 Nb6 27.
h4 h6 28. g4 Bxh4 29. Nc5 Qc8 30. Nde4 Be7 31. Qb4 Nd7 32. Kg2 Qc6 33. f3 Qd5
34. Kg3 Nxc5 35. Nxc5 Bxc5 36. Qxc5 Qxc5 37. dxc5 Kf8 38. Kf4 Ke7 39. Ke4 Kd7
40. Kd3 g5 41. Kc3 a5 42. Kd3 Kc6 43. Kd4 a4 44. Kd3 Kxc5 45. Kc3 b4+ 46. axb4+
Kb5 47. Kc2 Kxb4 48. Kb2 Kc4 0-1

[Event "XV Konik Morski Rewala - Open B"]
[Site "Rewal"]
[Date "2010.08.25"]
[Round "6.47"]
[White "Poswiatowski, Stanislaw"]
[Black "Jasniewicz, Rafal"]
[Result "1-0"]
[WhiteElo "1667"]
[BlackElo "1588"]
[PlyCount "45"]
[EventDate "2010.??.??"]

1. d4 d5 2. c4 e6 3. Nc3 Nf6 4. cxd5 exd5 5. Bg5 Be7 6. Nf3 O-O 7. e3 Bg4 8.
Qb3 Be6 9. Qxb7 Nbd7 10. Qb3 Rb8 11. Qc2 c5 12. dxc5 Nxc5 13. Nd4 Rc8 14. Be2
Nce4 15. Bxf6 gxf6 16. a3 Qa5 17. O-O Nxc3 18. bxc3 Rxc3 19. Qd2 Rc5 20. Qxa5
Rxa5 21. Nc6 Bd8 22. Nxa5 Bxa5 23. Rfd1 1-0